000 01129nam2a22002651 4500
001 RU\NLR\INFOCOMM17\1000320975
005 20031204132354.0
035 _a(NLR Aleph) 002279743
090 _a4030556
_c4030556
100 _a20031204d1971 |||y0rusy50 ba
101 0 _arus
102 _aRU
105 _ay |||||||||
200 1 _aМатематическое обеспечение устройства визуализации для работы с ЭВМ в режиме диалога
_fЛагутин А.Б. и Эпельбойм Я.И.
210 _d1971
461 0 _1001RU\NLR\INFOCOMM17\1000320967
_12001#$aАлгоритмические методы исследования и разработки оперативных информационных систем$fОрдена Ленина ин-т автоматики и телемеханики$vВып.7
700 1 _aЛагутин
_bА. Б.
_4070
701 1 _aЭпельбойм
_bЯ. И.
_4070
801 0 _aRU
_bNLR
_gPSBO
801 1 _aRU
_bInfoComm
_c20031204
852 _aNLR
_jП51/1328
942 _cISSUE
980 _aNB
980 _aRUSPER